Khó khăn tâm lý trong hoạt động giao tiếp của lứa tuổi thiếu niên tại Làng trẻ em SOS – thành phố Đồng Hới – tỉnh Quảng Bình

Nghiên cứu cơ sở lý luận của vấn đề khó khăn tâm lý trong hoạt động giao tiếp của lứa tuổi thiếu niên tại Làng Trẻ Em SOS – thành phố Đồng Hới – tỉnh Quảng Bình. Nghiên cứu thực trạng khó khăn tâm lý trong hoạt động giao tiếp: các yếu tố gây khó khăn tâm lý, xác định mức độ các khó khăn tâm lý, nguy...

पूर्ण विवरण

में बचाया:
ग्रंथसूची विवरण
मुख्य लेखक: Nguyễn Thị Tuyết
अन्य लेखक: Tô Thị Quyên (Hướng dẫn)
स्वरूप: पुस्तक
भाषा:Vietnamese
प्रकाशित: Đà Nẵng Đại học Sư phạm, Đại học Đà Nẵng 2013
विषय:
टैग : टैग जोड़ें
कोई टैग नहीं, इस रिकॉर्ड को टैग करने वाले पहले व्यक्ति बनें!
Thư viện lưu trữ: Mạng thư viện Đại học Đà Nẵng
LEADER 02543nam a2200385 4500
001 000018639
003 15073
005 20131212151203.0
008 131203s2013 viesd
041 |a vie 
082 1 4 |a 155.45  |b NG-T 
100 1 |a Nguyễn Thị Tuyết 
245 1 0 |a Khó khăn tâm lý trong hoạt động giao tiếp của lứa tuổi thiếu niên tại Làng trẻ em SOS – thành phố Đồng Hới – tỉnh Quảng Bình  |c Nguyễn Thị Tuyết ; Tô Thị Quyên hướng dẫn  |k Khóa luận tốt nghiệp 
260 |a Đà Nẵng  |b Đại học Sư phạm, Đại học Đà Nẵng  |c 2013 
300 |a 98 tr., phụ lục 20 tr.  |b Bảng  |c 29 cm.  |e Bản tóm tắt 
500 |a Khóa luận tốt nghiệp đại học. Chuyên ngành: Cử nhân Tâm lý 
504 |a Mục lục đầu trang, tài liệu tham khảo tr. 73 - 74, phụ lục [13 tr.] 
520 |a Nghiên cứu cơ sở lý luận của vấn đề khó khăn tâm lý trong hoạt động giao tiếp của lứa tuổi thiếu niên tại Làng Trẻ Em SOS – thành phố Đồng Hới – tỉnh Quảng Bình. Nghiên cứu thực trạng khó khăn tâm lý trong hoạt động giao tiếp: các yếu tố gây khó khăn tâm lý, xác định mức độ các khó khăn tâm lý, nguyên nhân gây ra khó khăn tâm lý trong giao tiếp của lứa tuổi thiếu niên tại Làng Trẻ Em SOS – thành phố Đồng Hới – tỉnh Quảng Bình. Trên cơ sở đó đề xuất một số biện pháp và tác động bằng những chương trình thực nghiệm cụ thể, nhằm hóa giải những khó khăn tâm lý trong hoạt động giao tiếp của các em. 
600 1 4 |b Vua  |c Đinh Tiên Hoàng 
650 0 4 |a Tâm lí tuổi thiếu niên  |v Khóa luận tốt nghiệp  |x Giao tiếp  |z Làng SOS Đồng Hới - Quảng Bình 
653 |a Khoa Tâm lý - Giáo dục 
653 |a Tâm lí tuổi thiếu niên 
653 |a Giao tiếp 
653 |a Trẻ mồ côi 
700 1 |a Tô Thị Quyên  |e Hướng dẫn 
OWN |a LSP 
AVA |a UDN50  |b LSP  |d 155.45 NG-T  |e available  |t Error 5001 Not defined in file expand_doc_bib_avail.  |f 1  |g 0  |h N  |i 0  |k 1 
999 |a From the UDN01 
AVA |a UDN50  |b LSP  |d 155.45 NG-T  |e available  |t Error 5001 Not defined in file expand_doc_bib_avail.  |f 1  |g 0  |h N  |i 0  |k 1 
TYP |a Monograph 
TYP |a Printed language 
980 |a Mạng thư viện Đại học Đà Nẵng